Fifty years of Legislative Council in Maharashtra, 1937-87 (Record no. 490794)

000 -LEADER
fixed length control field 00354cam a22001097a 4500
008 - FIXED-LENGTH DATA ELEMENTS--GENERAL INFORMATION
fixed length control field 180718b1987 xxu||||| |||| 00| 0 eng d
082 ## - DEWEY DECIMAL CLASSIFICATION NUMBER
Classification number G2x5442 M278C/1937-87
100 ## - MAIN ENTRY--PERSONAL NAME
Personal name Subramanyam, V.M.
245 ## - TITLE STATEMENT
Title Fifty years of Legislative Council in Maharashtra, 1937-87
Statement of responsibility, etc. by V.M. Subramanyam
260 ## - PUBLICATION, DISTRIBUTION, ETC.
Place of publication, distribution, etc. Bombay
Name of publisher, distributor, etc. Legislature Secretariat
Date of publication, distribution, etc. 1987
300 ## - PHYSICAL DESCRIPTION
Extent 198+p.
Holdings
Withdrawn status Lost status Damaged status Not for loan Permanent Location Current Location Date acquired Full call number Barcode Date last seen Price effective from Koha item type
        Indian Institute of Public Administration Indian Institute of Public Administration 2018-08-04 G2x5442 M278C/1937-87 GG20839 2018-08-04 2018-08-04 GG

Powered by Koha